| 000 | 00353nam a22001577a 4500 | ||
|---|---|---|---|
| 003 | OSt | ||
| 008 | 240123b |||||||| |||| 00| 0 eng d | ||
| 020 | _a9781785043543 | ||
| 082 |
_a158.1 _bBRG |
||
| 100 | _aBROWN,Brene | ||
| 245 | _aThe Gifts of Imperfection | ||
| 250 | _a1st Ed | ||
| 260 |
_aLondon _bVermilion |
||
| 300 | _a2020 | ||
| 942 |
_2ddc _cBK |
||
| 999 |
_c12189 _d12189 |
||